000 01091cab a2200205 4500
001 ##L133304
008 060428n2006 000 0 eng u
035 _a(Sirsi) u133304
041 0 _aeng
245 0 0 _aUnilateral notices and freezing orders
_bwhen and how to use them
_bcan they protect agreements for lease
260 _c2006
490 0 _aCommercial Leases
_v20(4) April 2006, 1093-1095(3)
520 _aDiscusses the main issues of two law cases: "Donnelly and other v Weybridge Construction Ltd" [2006] EWHC 38 (TCC), and "Perry (Albert Richard) v Princess International Sales and Services Ltd" [2005] EWHC 2042. Each case relates to unilateral notices in terms of their power under the Land Registration Act 2002 and how these powers should be excercised.
590 _aIKA090506
650 2 4 _aDONNELLY AND OTHER V WEYBRIDGE CONSTRUCTION LTD
650 2 4 _aPERRY V PRINCESS INTERNATIONAL SALES AND SERVICES LTD AND OTHERS
650 2 4 _aLAND REGISTRATION ACT 2002
690 _aCOMMERCIAL LANDLORD AND TENANT-BUSINESS TENANCIES-FORFEITURE OF BUSINESS TENANCIES
942 _n0
999 _c76920
_d76920